000 00855nmc a2200277 a 4500
003 AR-BaBNM
005 20251128204949.0
008 011101s1989 ||||||||||||||000 | spa||
020 _a950-506-186-2
040 _cAR-BaBNM
100 1 _aMaingueneau, Dominique
245 1 0 _aIntroducción a los métodos de análisis del discurso
_bproblemas y perspectivas
260 _aBuenos Aires
_bHachette
_c1989
300 0 _a212 p.
490 0 _aHachette Universidad. Lengua - Lingüística - Comunicación
500 0 _aIndice de términos en p. 211
504 _aContiene: bibliografía en p. 205
650 4 _aANALISIS LINGUISTICO
650 4 _aDISCURSOS
650 4 _aSEMANTICA
653 _aTEORIA DE LA ENUNCIACION
653 _aTEORIA DE LA ARGUMENTACION
653 _aGRAMATICA TEXTUAL
800 1 _aArnoux, Elvira
_edirector
942 _cBK
999 _c9508
_d9508